<?xml version="1.0" encoding="UTF-8"?>
<marc:record xmlns:marc="http://www.loc.gov/MARC21/slim">
   <marc:leader>00000nam a2200000 a 4500</marc:leader>
   <marc:datafield ind1="1" ind2=" " tag="100">
      <marc:subfield code="a">Grimm, Jacob</marc:subfield>
      <marc:subfield code="4">aut</marc:subfield>
      <marc:subfield code="e">Verfasser/-in</marc:subfield>
   </marc:datafield>
   <marc:datafield ind1=" " ind2=" " tag="653">
      <marc:subfield code="a">Märchen</marc:subfield>
   </marc:datafield>
   <marc:datafield ind1="0" ind2="0" tag="245">
      <marc:subfield code="a">Märchenreise um die Welt</marc:subfield>
   </marc:datafield>
   <marc:datafield ind1=" " ind2="1" tag="264">
      <marc:subfield code="b">esslinger</marc:subfield>
      <marc:subfield code="c">2022</marc:subfield>
   </marc:datafield>
   <marc:datafield ind1="1" ind2=" " tag="520">
      <marc:subfield code="a">Infos
    Autoren
    Produkt-Details
    Artikel bewerten

Die schönsten Märchen der Welt - traumhaft illustriert!
Auf der ganzen Welt werden seit jeher Märchen erzählt und geliebt. Dieser Sammlung vereint die schönsten Märchen aus verschiedensten Kulturkreisen. So begegnen wir zarten Elfen, wilden Trollen, klugen Eisbären, mutigen Zaren, weisen Kalifen aus 1001 Nacht, schlauen Dschungeltieren und dem mächtigen chinesichen Drachenkönig.</marc:subfield>
   </marc:datafield>
   <marc:datafield ind1=" " ind2=" " tag="020">
      <marc:subfield code="a">9783480237722</marc:subfield>
      <marc:subfield code="9">9783480237722</marc:subfield>
   </marc:datafield>
</marc:record>
